| 000 | 02019nam a2200421 c 4500 | ||
|---|---|---|---|
| 003 | BLK | ||
| 005 | 20241207151936.0 | ||
| 008 | 180408b bul|||||r ||||||| ||bul|| | ||
| 010 | _aKNG00087474000 | ||
| 020 |
_a978-954-8594-10-3 _bиздат.: Инст. по изкуствознание БАН |
||
| 040 | _aBLK | ||
| 041 |
_aBUL _cBUL |
||
| 080 |
_aМузикални театри. Вж и 782.1; 782.8 _b792.5 _x(497.2)(063) _z792.5(497.2)(063) |
||
| 700 | 1 |
_aКаракостова, Румяна Лазарова _eсъстав. _9372646 |
|
| 700 | 1 |
_aВълчинова-Чендова, Елисавета Борисова _eред. _950105 |
|
| 139 |
_aМузикалният театър - проекции във времето _bМ 95 |
||
| 245 | 1 | 0 |
_aМузикалният театър - проекции във времето _bВтора творческа среща и теор. конф., Ст. Загора, 7-9 юни 2007 : Сб. с докл. и док. _cсъстав. Румяна Лазарова Каракостова; ред. Елисавета Борисова Вълчинова-Чендова. |
| 257 | _aBGR | ||
| 260 |
_аСофия _bИнст. по изкуствознание БАН _c2008 |
||
| 300 |
_a246 с., 4 л. _bцв. ил. _c22 см |
||
| 380 | _a7 | ||
| 500 | _aРез. на англ. ез. / Прев. Анжела Родел. - Библиогр. след отд. статии. | ||
| 650 | 0 |
_aОпера - България _9269297 |
|
| 650 | 4 |
_aОперета - България _9271128 |
|
| 650 | 4 |
_aБалет, български _9250162 |
|
| 651 | 4 |
_aБългария _9241624 |
|
| 653 | _aопери | ||
| 653 | _aоперети | ||
| 653 | _aмюзикъли | ||
| 653 | _aбалет | ||
| 653 | _aконференции | ||
| 852 | _aЦб 242587 | ||
| 856 | 4 |
_qpdf _u |
|
| 856 | 4 |
_qpdf _u |
|
| 942 |
_cKNG _n0 |
||
| 944 |
_aCR _c26.01.2009 _lГеновева Генчева _k30560 |
||
| 944 |
_aED _c05.04.2016 _lф / _kЛюдмила_Стоянова |
||
| 999 |
_c82937 _d82937 |
||